minecraft mobs i have seen - Statistics

General Stats
  • This quiz has been taken 35 times
  • The average score is 22 of 37
Answer Stats
Hint Answer % Correct
passive cow
100%
passive pig
95%
hostile zombie
95%
passive chicken
90%
netural enderman
90%
passive sheep
90%
tameable horse
86%
tameable wolf
86%
passive villager
81%
tameable cat
76%
hostile creeper
76%
tameable donkey
76%
hostile skeleton
76%
netural spider
76%
netural cave spider
71%
tameable mule
71%
utility iron golem
67%
tameable llama
67%
passive bat
62%
passive ocelot
62%
passive rabbit
57%
passive salmon
57%
passive cod
48%
netural dolphin
48%
tameable parrot
43%
netural pufferfish
43%
passive squid
43%
hostile witch
38%
passive tropical fish
33%
passive wandering trader
33%
hostile zombie villager
29%
hostile drowned
24%
hostile phantom
24%
hostile slime
24%
passive turtle
24%
hostile spider jockey
19%
hostile skeleton horse
14%
No matching quizzes found
Score Distribution
Percent of People with Each Score
Percentile by Number Answered
Your Score History
You have not taken this quiz